Normal view
MARC view
- DICTIONARY OF ABBREVIATIONS AND ACRONYMS
Entry Topical Term
001 - CONTROL NUMBER
- control field: 59705
003 - CONTROL NUMBER IDENTIFIER
- control field: NUST
005 - DATE AND TIME OF LATEST TRANSACTION
- control field: 20210628202404.0
008 - FIXED-LENGTH DATA ELEMENTS
- fixed length control field: 210628|| aca||aabn | a|a d
040 ## - CATALOGING SOURCE
- Original cataloging agency: NUST
- Transcribing agency: NUST
150 ## - HEADING--TOPICAL TERM
- Topical term or geographic name entry element: DICTIONARY OF ABBREVIATIONS AND ACRONYMS
670 ## - SOURCE DATA FOUND
- Source citation: Work cat.: (NUST): Dale, Rodney Puttick, Steve 59704, The wordsworth dictionary of abbreviations and acronyms, 1999
